000 01048cam a2200301 i 4500
001 55093
003 Mx-PuUPA
005 20220328140055.0
008 140415s2010 sp a r 000 0 spa d
020 _a9788498351781
040 _aMx-PuUPA
_bspa
_cMx-PuUPA
_dMx-PuUPA
_erda
041 0 _aspa
100 1 _aWelsch, Ulrich,
_eautor
_93133
240 1 0 _aSobotta lehrbuch histologie 2.
_lEspañol
245 1 0 _aSobotta Welsch :
_bhistología /
_cUlrich Welsch ; traducción Jorge Horacio Negrete.
246 3 0 _iHistología.
250 _a2a edición, completamente revisada
264 1 _aMadrid, España :
_bEditorial Médica Panamerica,
_c2010
300 _axii, 676 páginas :
_bilustraciones (principalmente color) ;
_c29 cm.
336 _atexto
_2rdacontent
_btxt
337 _asin mediación
_2rdamedia
_bn
338 _avolumen
_2rdacarrier
_bnc
650 7 _aHistología
_2armarc
700 1 _aHoracio Negrete, Jorge,
_etraductor
942 _2ddc
_cLI
_h611.0181
_iWEL
999 _c55093
_d55093